<?xml version="1.0" encoding="UTF-8"?><?xml-stylesheet type="text/xsl" href="static/style.xsl"?><OAI-PMH xmlns="http://www.openarchives.org/OAI/2.0/" xmlns:xsi="http://www.w3.org/2001/XMLSchema-instance" xsi:schemaLocation="http://www.openarchives.org/OAI/2.0/ http://www.openarchives.org/OAI/2.0/OAI-PMH.xsd"><responseDate>2026-04-27T12:26:40Z</responseDate><request verb="GetRecord" identifier="oai:uvadoc.uva.es:10324/4337" metadataPrefix="marc">https://uvadoc.uva.es/oai/request</request><GetRecord><record><header><identifier>oai:uvadoc.uva.es:10324/4337</identifier><datestamp>2025-02-18T08:28:25Z</datestamp><setSpec>com_10324_30605</setSpec><setSpec>com_10324_894</setSpec><setSpec>col_10324_41</setSpec></header><metadata><record xmlns="http://www.loc.gov/MARC21/slim" xmlns:doc="http://www.lyncode.com/xoai" xmlns:xsi="http://www.w3.org/2001/XMLSchema-instance" xmlns:dcterms="http://purl.org/dc/terms/" xsi:schemaLocation="http://www.loc.gov/MARC21/slim http://www.loc.gov/standards/marcxml/schema/MARC21slim.xsd">
<leader>00925njm 22002777a 4500</leader>
<datafield tag="042" ind1=" " ind2=" ">
<subfield code="a">dc</subfield>
</datafield>
<datafield tag="720" ind1=" " ind2=" ">
<subfield code="a">Reoyo Serrano, Natalia</subfield>
<subfield code="e">author</subfield>
</datafield>
<datafield tag="260" ind1=" " ind2=" ">
<subfield code="c">2013</subfield>
</datafield>
<datafield tag="520" ind1=" " ind2=" ">
<subfield code="a">Son numerosas las investigaciones que ponen de manifiesto la relevancia de la eficacia percibida, pero también es cierto, que en ocasiones, la investigación en este ámbito de estudio se ha visto dificultada debido a la existencia aún de problemas asociados con la evaluación del propio constructo; ¿qué es lo que realmente se entiende por eficacia docente?, la atención que se ha prestado en nuestro país al estudio de dichas creencias del profesorado y su relación con la práctica y resultados educativos ha sido muy escasa, y con este trabajo deseamos conocer y analizar la opinión de los estudiantes, profesores y futuros profesores de ESO de Castilla y León acerca de qué aspectos de la personalidad y del comportamiento didáctico de sus profesores son deseables y convenientes para que podamos hablar de profesorado eficaz.</subfield>
</datafield>
<datafield tag="024" ind2=" " ind1="8">
<subfield code="a">http://uvadoc.uva.es/handle/10324/4337</subfield>
</datafield>
<datafield tag="024" ind2=" " ind1="8">
<subfield code="a">b1663064</subfield>
</datafield>
<datafield tag="024" ind2=" " ind1="8">
<subfield code="a">10.35376/10324/4337</subfield>
</datafield>
<datafield ind1=" " ind2=" " tag="653">
<subfield code="a">Enseñanza secundaria-España</subfield>
</datafield>
<datafield ind1=" " ind2=" " tag="653">
<subfield code="a">Profesores (Enseñanza secundaria)-Evaluación-España</subfield>
</datafield>
<datafield ind1=" " ind2=" " tag="653">
<subfield code="a">Docentes-Autoevaluación</subfield>
</datafield>
<datafield tag="245" ind1="0" ind2="0">
<subfield code="a">Auto-eficacia docente en Educación Secundaria Obligatoria : perspectivas de alumnos, profesores y futuros profesores_</subfield>
</datafield>
</record></metadata></record></GetRecord></OAI-PMH>